000 00363nam a2200145Ia 4500
008 191201s2006 xx 000 0 und d
082 _a004.21
_bGRC
100 _aGROOVER, Mikell P
245 0 _aCAD/CAM Computer- Aided Design and Manufacturing
250 _aimp
260 _aN.Delhi
_bPearson
_c2006
300 _a511
650 _aB.Tech(TE)
942 _2ddc
_cBK
999 _c3870
_d3870